| 000 | 02519nam a2200337 a 4500 | ||
|---|---|---|---|
| 001 | 000015042 | ||
| 003 | DO-SdBPM | ||
| 005 | 20260130132300.0 | ||
| 007 | ta | ||
| 008 | 100129s2000 dr c 001 0 spa d | ||
| 020 | _a9993480096 | ||
| 040 |
_aDO-SdBPM _bspa _cBPMSU _drda |
||
| 049 | _a | ||
| 082 | 4 |
_a972.93092 _bM224v 2000 _222 |
|
| 100 | 1 |
_aMainardi de Cuello, Carolina, _d1906-1999 _eautor _4aut. |
|
| 245 | 1 | 0 |
_aVivencias / _cCarolina Mainardi ; prólogo Roberto Cassá. |
| 264 |
_aSanto Domingo : _bManatí, _c2000. |
||
| 300 |
_a234 páginas : _bilustraciones, retratos. ; _c23 cm. |
||
| 336 |
_atexto _btxt _2rdacontent |
||
| 337 |
_asin mediación _bn _2rdamedia |
||
| 338 |
_avolumen _bnc _2rdacarrier |
||
| 500 | _aIncluye índice onomástico. | ||
| 504 | _aIncluye bibliografía y notas al pie de páginas. | ||
| 505 | 0 |
_gPrólogo / _rRoberto Cassá -- _tLa Familia Mainardí Reyna. La familia Cuello. La familia Cuello Perelló -- _tLa intervención norteamericana en Santo Domingo -- _tPlan Hughes-Peynado. Gobierno provisional, organización de los partidos políticos, eleccciones de 1924 y primer gabinete del gobierno surgido de estas elecciones. Ruptura de la alianza Vásquez-Velázquez -- _tAscendencia y desarrollo del Partido Repúblicano -- _tMisión Dawes -- _tExilio -- _tLucha por la reválida. Muertede Pablito Cuello -- _tAcciones revolucionarias para eliminar a Trujillo -- _tVivencias de los años 1930-1940 -- _tFundación de las ramas del Partido Revolucionarios Dominicano (PRD) en Puerto Rico -- _tCayo Confites -- _tCayo Confites y Luperón -- _tTraslado del Dr. Leovigildo Cuello a San Juan. Actividades antitrujillistas. Muerte de Andrés Requena -- _tSecuestro de Galíndez. Atentado a Rómulo Betancourt y nueva oportunidad para liberar al pueblo dominicano -- _tExpediciones del 14 y 20 de junio -- _t1960-1961 -- _tVuelta a la patria -- _tLa Fundación Héroes de Constanza, Maimón y Estero Hondo -- _tMuerte del Dr. Leovigildo Cuello Hernández, mi esposo -- _tResponsabilidades -- _tLa vida de Carolina Mainardi Reyna (doña Conina) en fotos -- _tFamilia Cuello Mainardi durante el exilio en San Juan Puerto Rico, en la década de 1950. |
|
| 590 | _aInventariado,2026/VM | ||
| 651 | 7 |
_aRepública Dominicana _xHistoria _ySiglo XX _xCorrespondencia, Memorias, Etc. |
|
| 651 | 7 |
_aRepública Dominicana _xPolítica y gobierno _ySiglo XX _xCorrespondencia, Memorias, Etc. |
|
| 700 | 1 |
_aCassá, Roberto, _d1948- _eprólogo |
|
| 910 | _aVMateo V. Control de calidad BPMSU | ||
| 942 |
_2ddc _cBK |
||
| 999 |
_c15647 _d15647 |
||